000 00598cam a22002411 4500
001 sa 65008813
003 DLC
005 20260227112158.0
008 900103s1964 ii 000 0 urdr
010 _asa 65008813
035 _a(OCoLC)20842830
040 _aDLC
_cWaU
_dDLC
042 _apremarc
043 _aa-ii---
050 0 0 _aDS427
_b.A88 1964
100 1 _aĀzād, Abūlkalām,
_d1888-1958.
245 1 0 _aT̤anzīyat-i Āzād.
260 _a[Delhi,
_c1964]
300 _a144 p.
_c18 cm.
500 _aIn Urdu.
500 _aText partially vocalized.
650 0 _aMuslims
_zIndia.
999 _c65884
_d65884